000 00375nam a22001577a 4500
003 SGT
082 _a611
_bT23S
100 _aSONTAKKE, YOGESH
245 _aTB. OF HUMAN ANATOMY HEAD, NECK & FACE
250 _a1ST
260 _aINDIA
_bCBS PUB
_c2023
300 _a422
650 _aHUMAN ANATOMY
653 _a HUMAN ANATOMY HEAD, NECK & FACE
942 _2ddc
_cBK
_015
999 _c25285
_d25285